Регионална библиотека "Любен Каравелов" - Русе

Съчинение разсъждение върху художествен текст (Запис номер 109687)

MARC детайли
000 -Лидер
Контролно поле с фиксирана дължина 01576nam a2200361 c 4500
003 - Код на организацията, давaща контролен номер
Контролно поле BLK
005 - Дата и час на последна редакция
Контролно поле 20240511112245.0
008 - Елементи от данни с фиксирана дължина
fixed length control field 180409b bul|||||r ||||||| ||bul||
010 ## - Наследен системен номер
LC control number KNG00115006000
020 ## - Международен стандартен номер на книга ISBN
Международен стандартен номер на книга ISBN 954-459-701-8
-- издат.: Хермес
040 ## - Източник на каталожния запис
Идентификатор на билиотеката - собственик на записа BLK
041 ## - Код за език
Код за езика на текст/звукозапис или на отделно заглавие Български
Код за езика КДБФ Български
080 ## - УДК
Текстов определител УДК Българска литература в основното училище. Методика на обучението
УДК код - определител по УДК 373.3.016:821.163.2
УДК определител (075.2)
УДК - код + определител 373.3.016:821.163.2(075.2)
100 1# - Редна дума - Автор
Автор Пашова, Мария Янкова
Авторска отговорност първи автор
R(LIN) 365700
139 ## - Редно поле
Редна дума Пашова, Мария Янкова
Авторски знак Паш - П 30
245 10 - Сведения за заглавието
Заглавие Съчинение разсъждение върху художествен текст
Подзаглавни данни Помагало по лит. за VІІ кл.
Редно поле (дума) Мария Янкова Пашова.
257 ## - Страна на издаване
Страна на създаване/издаване България
260 ## - Област на издателските данни
-- Пловдив
Име на издателя, разпространителя и проч. Хермес
Година на издаване 2000
300 ## - Физическа характеристика
Страници 125 с.
Размери/Мащаб 20 см
380 ## - Жанр
Жанр Обществени науки
500 ## - Общи забележки
Забележка Офс. изд. - Съдържа и Речник. - Доп. тир. 2001, 2002, 2004.
650 #4 - Допълнително описание по предмет – тема
Основно описание – тема или топоним Българска литература - учебни помагала
9 (RLIN) 242720
653 ## - Ключова дума – ненормативна
Ключова дума българска литература
653 ## - Ключова дума – ненормативна
Ключова дума съчинение разсъждение
653 ## - Ключова дума – ненормативна
Ключова дума VІІ кл.
653 ## - Ключова дума – ненормативна
Ключова дума учебни помагала
852 ## - Местоположение
Форматна сигнатура Цб 220870
856 4# - Електронен адрес и достъп
Електронен формат pdf - файл
Път до файла /url/
856 4# - Електронен адрес и достъп
Електронен формат pdf - файл
Път до файла /url/
942 ## - АРТИКУЛИ
Вид на библиотечния материал Книги
Скрит в OPAC Не
Koha issues (borrowed), all copies 3
944 ## - СЪЗДАВАНЕ И РЕДАКЦИЯ на ЗАПИСА
Създаване/Редакция Създаване
Дата на регистрацията/редакция 16.09.2004
Статус, дата на статуса Цветелина Желева
Служител, извършил регистрацията/редакцията 30544
944 ## - СЪЗДАВАНЕ И РЕДАКЦИЯ на ЗАПИСА
Създаване/Редакция Редакция
Дата на регистрацията/редакция 24.11.2014
Статус, дата на статуса ф /
Служител, извършил регистрацията/редакцията Людмила_Стоянова
999 ## - СИСТЕМНИ КОНТРОЛНИ НОМЕРА
Koha biblionumber 109687
Koha biblioitemnumber 109687
Наличности
Код за отписване Код за изгубен артикул Източник на класификационната схема Код за повреда Коз за рестрикции Код за отдаване Артикулен № Име на библиотеката - собственик Име на библиотеката, в която се намира в момента Статус (Текущо местоположение) Дата на вписване в системата Местоположение - отдел Цена в лева Инвентарен номер Систематично азбучна сигнатура Баркод Номер на екземпляра Цена в евро Служебна бележка Служебен тип на артикула
Изтеглен Не е изгубен Universal Decimal Classification Не е повреден без рестрикции заемане за дома 176705 Регионална библиотека "Любен Каравелов" Русе Регионална библиотека "Любен Каравелов" Русе Детски отдел 2004-09-16 Детски отдел 3.00 120000688477 ДН 372.88/П 30 120000688477 1 1.53 Дост: Pk Вид: Ф N: 8884 Дата: 03.09.2004 Дата инв: 24.08.2015 Бележки инв: Д2015 Книги
  Не е изгубен Universal Decimal Classification Не е повреден без рестрикции заемане за дома 176706 Регионална библиотека "Любен Каравелов" Русе Регионална библиотека "Любен Каравелов" Русе Детски отдел 2004-09-16 Детски отдел 3.00 120000688478 ДН 373.3.016:821/П 30 М 120000688478 2 1.53 Дост: Pk Вид: Ф N: 8884 Дата: 03.09.2004 Дата инв: 21.08.2015 Бележки инв: Д2015 Книги
  Не е изгубен   Не е повреден без рестрикции ползва се в читалня 176707 Регионална библиотека "Любен Каравелов" Русе Регионална библиотека "Любен Каравелов" Русе Хранилище 2014-09-12 Основен фонд - ползва се само за читалня 0.00 120000780789 Цб 220870 120000780789 3 0.00 Дост: DA Вид: А N: 18 Дата: 12.09.2014 Книги
Vip Innovations Ltd, Rousse, Bulgaria 2025